书目信息 |
| 题名: |
教育的园丁
|
|
| 作者: | 张振乾 编著 | |
| 分册: | ||
| 出版信息: | 广州 广州出版社 1997 |
|
| 页数: | 117页 | |
| 开本: | 19cm | |
| 丛书名: | ||
| 单 册: | ||
| 中图分类: | G451 , K815.3 | |
| 科图分类: | 38.154 | |
| 主题词: | 教师--世界--青年读物 | |
| 电子资源: | ||
| ISBN: | 7-80592-708-1 | |
| 000 | 00732nam2 2200277 450 | |
| 001 | 073000001928 | |
| 005 | 20040224181631.0 | |
| 009 | 0198055268 | |
| 010 | @a7-80592-708-1@dCNY8.15 | |
| 100 | @a20040224d am y0chiy0121 ea | |
| 101 | 0 | @achi |
| 102 | @aCN@b440000 | |
| 105 | @ay z 000yd | |
| 200 | 10 | @a教育的园丁@Ajiao yu de yuan ding@f张振乾编著 |
| 210 | @a广州@c广州出版社@d1997 | |
| 215 | @a117页@d19cm | |
| 300 | 2 | @a百科世界丛书@h第四辑@v77 |
| 410 | 0 | @120010@a百科世界丛书 |
| 606 | @a教师@y世界@x青年读物 | |
| 690 | @aG451@v3 | |
| 690 | @aK815.3@v3 | |
| 692 | @a38.154@v2 | |
| 701 | 0 | @a张振乾@Azhang zhen qian@4编著 |
| 801 | 2 | @aCN@bHX@c20040224 |
| 905 | @aBZT@dG451@e2 | |
| 906 | @dCNY92(全辑)@n0@r1 | |
| 教育的园丁/张振乾编著.-广州:广州出版社,1997 |
| 117页;19cm |
| 百科世界丛书 |
| ISBN 7-80592-708-1:CNY8.15 |
| ● |
| 相关链接 |
|
|
|
正题名:教育的园丁
索取号:G451/2
 
预约/预借
| 序号 | 登录号 | 条形码 | 馆藏地/架位号 | 状态 | 备注 |
| 1 | 420854 | 210494400 | 中心书库北库/ 北库030架B面4列4层35/ [索取号:G451/2] | 在馆 | |
| 2 | 420855 | 210494393 | 中心书库北库/ 北库030架B面4列4层28/ [索取号:G451/2] | 在馆 | |
| 3 | 420856 | 210496248 | 中心书库北库/ 北库030架B面4列4层27/ [索取号:G451/2] | 在馆 | |
| 4 | 420857 | 210496220 | 中心书库北库/ 北库030架B面4列4层30/ [索取号:G451/2] | 在馆 | |
| 5 | 420858 | 210496239 | 中心书库北库/ 北库030架B面4列4层34/ [索取号:G451/2] | 在馆 | |
| 6 | 420859 | 210496211 | 中心书库北库/ 北库030架B面4列4层32/ [索取号:G451/2] | 在馆 | |
| 7 | 420860 | 210496202 | 中心书库北库/ 北库030架B面4列4层26/ [索取号:G451/2] | 在馆 | |
| 8 | 420861 | 210496195 | 中心书库北库/ 北库030架B面4列4层31/ [索取号:G451/2] | 在馆 | |
| 9 | 420862 | 210496186 | 中心书库北库/ 北库030架B面4列4层29/ [索取号:G451/2] | 在馆 | |
| 10 | 420863 | 210496177 | 中心书库北库/ 北库030架B面4列4层33/ [索取号:G451/2] | 在馆 |